书目信息 |
| 题名: |
医疗保险
|
|
| 作者: | 孙树菡 , 仇雨林 | |
| 分册: | ||
| 出版信息: | 北京 中国人民大学出版社 2001 |
|
| 页数: | 196 | |
| 开本: | 23cm | |
| 丛书名: | 21世纪社会保障系列教材 | |
| 单 册: | ||
| 中图分类: | F840.684 | |
| 科图分类: | ||
| 主题词: | 保险 | |
| 电子资源: | ||
| ISBN: | 7-300-03709-7 | |
| 000 | 00628nam0 2200217 450 | |
| 001 | 0760515518 | |
| 005 | 20070817164835.51 | |
| 010 | @a7-300-03709-7@d¥18.00 | |
| 100 | @a20070817d km y0chiy0120 ea | |
| 101 | 0 | @achi |
| 200 | 1 | @a医疗保险@Ayi liao bao xian@f仇雨林,孙树菡@Fchou yu lin,sun shu han |
| 210 | @a北京@c中国人民大学出版社@d2001 | |
| 215 | @a196@d23cm | |
| 225 | 2 | @a21世纪社会保障系列教材 |
| 410 | 0 | @12001 @a21世纪社会保障系列教材 |
| 606 | 0 | @a保险 |
| 690 | @aF840.684@v3 | |
| 701 | 0 | @a孙树菡@Asun shu han |
| 701 | 0 | @a仇雨林@Achou yu lin |
| 801 | 0 | @aCN@bPFT@c20070817 |
| 905 | @a213230@dF840.684@eg39@f1 | |
| 医疗保险/仇雨林,孙树菡.-北京:中国人民大学出版社,2001 |
| 196;23cm.-(21世纪社会保障系列教材) |
| ISBN 7-300-03709-7:¥18.00 |
| ● |
| 相关链接 |
|
|
|
|
正题名:医疗保险
索取号:F840.684/g39
 
预约/预借
| 序号 | 登录号 | 条形码 | 馆藏地/架位号 | 状态 | 备注 |
| 1 | 6502476 | 265024760 | 密集书库-海洋学院/ [索取号:F840.684/g39] | 在馆 | |
| 2 | 6502477 | 265024779 | 密集书库-海洋学院/ [索取号:F840.684/g39] | 在馆 |